000 00426nam a22001697a 4500
999 _c6419
_d6417
005 20210904113624.0
008 200522b xxu||||| |||| 00| 0 eng d
020 _a9780195632057
041 _aeng
082 _a340.1 GAL
100 _aGalanter, Marc
_95731
245 _aLaw and Society in Modern India
260 _aNew Delhi
_bOxford University Press
_c1989
300 _a329p., xcix
650 _aLAW
_95701
942 _cBK